Responses for Show #5738 - Wednesday, July 15, 2009

2009 Kids Week game 3.

Contestants

[<< previous game]

Michelle Schrier, an 11-year-old from Potomac, Maryland

Ethan Russo, an 11-year-old from Austin, Texas

Gabby Dannunzio, a 12-year-old from Largo, Florida

[next game >>]

Jeopardy! Round responses

THE GREAT STATE OF...
(Alex: You identify the state for us.)
NARNIA
COOKBOOKS FOR KIDS
JUST DESERTS
COWBOYS & INDIANS
WORDS FOR YOUNGSTERS
    $200 6
Michigan

Ethan
    $200 1
C.S. Lewis

Gabby
    $200 11
Sesame Street

Ethan
    $200 26
the Sahara

Michelle
    $200 18
the saddle

Triple Stumper
    $200 15
lass

Gabby
    $400 7
Idaho

Ethan
    $400 2
Aslan

Gabby
    $400 12
Rachael Ray

Ethan
    $400 27
Mexico

Ethan
    $400 21
Hinduism

Ethan
    $400 16
Scotland

Ethan
    $600 8
Maine

Ethan
    $600 3
Prince Caspian

Gabby
    $600 13
pizza

Ethan
    $600 28
Death Valley

Michelle
    $600 22
Gandhi

Ethan
    $600 17
a cherub

Gabby
    $800 9
South Carolina

Michelle
    $800 4
a mouse

Ethan
    $800 14
Peanuts

Gabby
    $800 29
Argentina

Michelle
    $800 23
(Ethan: What are the boots?)

hats

Ethan
    $800 19
German

Gabby
    $1000 10
Virginia

Michelle
    $1000 5
Lucy

Ethan
    $1000 24
(Ethan: Who is R.L. Stine?)

Roald Dahl

Ethan
Triple Stumper
    $1000 30
China

Michelle
    $1000 25
a roundup

Gabby
    $1000 20
urchin

Gabby

Scores at the first commercial break (after clue 15):

Gabby Ethan Michelle
$2,200 $4,200 $1,800

Scores at the end of the Jeopardy! Round:

Gabby Ethan Michelle
$5,600 $4,200 $4,400

Double Jeopardy! Round responses

HISTORY CLASS
SCIENCE EN ESPAÑOL
KIDS ON THE NET
HIDE & SEEK
U.S. COINS
YOU GOT 2 As & 1B
(Alex: There will be two letters "A" and one "B" in each correct response.)
    $400 1
Napoléon

Ethan
    $400 25
the axis

Gabby
    $400 7
Marvel

Ethan
    $400 21
New Orleans

Ethan
    $400 6
Philadelphia

Gabby
    $400 15
garbage

Ethan
    $800 2
Ellis Island

Michelle
    $800 26
the greenhouse effect

Gabby
    $800 8
(Ethan: Center for [*]?...)
(Alex: Nope.)
(Ethan: What is the Center for [*]?)
(Alex: Sorry. Yeah, you--you realized your mistake there.)
[Beep]
(Alex: In Double--sorry, Michelle. Uh, in the Double Jeopardy! Round, you have to phrase it in the form of a question, or you will be penalized, but you go again.)

Disease Control

Ethan
Triple Stumper
    $800 22
(Gabby: What is Rodeo Drive?)

Hollywood Boulevard

Gabby
Triple Stumper
    $800 11
Thomas Jefferson

Michelle
    $800 16
paperback

Gabby
    $1200 3
(Ethan: What is Texas?)

Alabama

Ethan
Triple Stumper
    $1200 27
black holes

Ethan
    $1200 9
(Gabby: What is Ranger Rick?)
(Ethan: What is FunBrain?)

National Geographic

GabbyEthan
Triple Stumper
    $1200 23
(Ethan: What are the Himalayans?)
[Initially accepted as correct; reversed before Final Jeopardy!]

the Himalayas (or the Himalayan)

Ethan
Triple Stumper
    $1200 12
Arizona

Ethan
    $600 17
vocabulary

Gabby
    $1,000 4
Ming

Michelle
    $1600 28
an aftershock

Triple Stumper
    $1600 20
the Treasury

Ethan
    $1600 24
Brazil

Gabby
    $1600 13
Louis Braille

Triple Stumper
    $1600 18
abacus

Ethan
    $2000 5
Juliette Gordon Low

Michelle
    $2000 30
a compound

Gabby
    $2000 10
(Gabby: Who is Jeeves?)

Earl

Gabby
Triple Stumper
    $2000 29
the Kremlin

Ethan
    $2000 14
"In God We Trust"

Gabby
    $2000 19
habitat

Michelle

Scores at the end of the Double Jeopardy! Round:

Gabby Ethan Michelle
$10,200 $9,000 $11,000

[wagering suggestions for these scores]

Final Jeopardy! Round responses

WORLD GEOGRAPHY
[After Gabby writes her response on her electronic tablet, she turns to write it on the backup paper card and continues writing throughout the reveal of Ethan's response. However, her response from the electronic tablet is displayed with no problems and no mention of the card is made.]
EthanWhat are Asia and Australia
$3,002
GabbyWhat are Australia and North America?
$5,001
MichelleWhat are South America and North America?
$4,500
Australia & North America

Final scores:

Gabby Ethan Michelle
$15,201 $5,998 $6,500
Winner: $15,201 + Classroom Jeopardy! for her school 3rd place: $1,000 + Classroom Jeopardy! for his school 2nd place: $2,000 + Classroom Jeopardy! for her school

Game dynamics:

Coryat scores:

Gabby Ethan Michelle
$10,800 $9,800 $11,600
17 R
(including 1 DD),
3 W
21 R,
6 W
(including 1 DD)
11 R
(including 1 DD),
0 W

Combined Coryat: $32,200

[game clues] [game scores] [suggest correction]

Game tape date: 2009-03-30
The J! Archive is created by fans, for fans. Scraping, republication, monetization, and malicious use prohibited; this site may use cookies and collect identifying information. See terms. The Jeopardy! game show and all elements thereof, including but not limited to copyright and trademark thereto, are the property of Jeopardy Productions, Inc. and are protected under law. This website is not affiliated with, sponsored by, or operated by Jeopardy Productions, Inc. Join the discussion at JBoard.tv.